| 000 | 01005nam a22002057a 4500 | ||
|---|---|---|---|
| 999 |
_c60294 _d60294 |
||
| 003 | Ge_BSU | ||
| 005 | 20230626171916.0 | ||
| 008 | 230626s1959 ge ||||| |||| 00| 0 geo d | ||
| 041 | _ageo | ||
| 080 | _a94(479.22-21) ა-91 | ||
| 100 |
_aაფაქიძე, ა. _918981 |
||
| 245 |
_aმცხეთა ქართლის სამეფოს ძველი დედაქალაქი / _cა. აფაქიძე; რედ. დ გვრიტიშვილი; საქ. სსრ მეცნ. აკადემია. |
||
| 264 |
_aთბილისი : _bსაქ. სსრ მეცნ. აკად. გამ-ბა, _c1959. |
||
| 300 |
_a126გვ. ; _b 22სმ. |
||
| 500 | _a გაშლილი თავფურც. რუს. ენ. | ||
| 504 | _aბიბლიოგრ: გვ. 119-126. | ||
| 653 | _aმცხეთის ისტორია | ||
| 700 |
_aგვრიტიშვილი, დ _eრედაქტორი _93872 |
||
| 942 |
_2udc _cBK |
||